| 000 | 00421 a2200157 4500 | ||
|---|---|---|---|
| 003 | NUST | ||
| 005 | 20221209173652.0 | ||
| 040 | _cNust | ||
| 082 | _a297.1227,ZAH | ||
| 100 |
_aZahid, Shakil _9104577 |
||
| 245 |
_aQuran hakeem : _bAsam tarjuma aur tafseer (Jild-2) / _cShakil Zahid |
||
| 250 | _ajeld . 2 | ||
| 260 |
_aLahore , pakistan _bAdara Quran hakeem _c2006 |
||
| 300 | _a412 p.: | ||
| 942 |
_2ddc _cBK _k297.1227,ZAH |
||
| 999 |
_c194067 _d194067 |
||